Countries with MNO - Statistics

General Stats
  • This quiz has been taken 73 times
  • The average score is 8 of 14
Answer Stats
Country % Correct
Montenegro
82%
Oman
79%
Mongolia
77%
Monaco
75%
Dominica
64%
Dominican Republic
62%
Federated States of Micronesia
57%
Romania
57%
San Marino
52%
Solomon Islands
48%
Macedonia
46%
United Kingdom
46%
Cameroon
38%
São Tomé and Príncipe
33%
No matching quizzes found
Score Distribution
Percent of People with Each Score
Percentile by Number Answered
Your Score History
You have not taken this quiz